000 00421cam a22001457a 4500
008 180718b1997 xxu||||| |||| 00| 0 eng d
020 _a1857284917
082 _aQ86 G415
100 _aGilling, Daniel
245 _aCrime prevention: theory, policy and politics
_cby Daniel Gilling
260 _aLondon
_bUCL Press
_c1997
300 _a229p.
650 _aCriminal justice, Administration of
650 _aCrime prevention
999 _c391845
_d391845